An outline history of the great war, (Record no. 552216)
[ view plain ]
| 000 -LEADER | |
|---|---|
| fixed length control field | 00519cam a2200157 4500 |
| 082 ## - DEWEY DECIMAL CLASSIFICATION NUMBER | |
| Classification number | 940.4 |
| Author Mark | ANO |
| 100 1# - MAIN ENTRY--PERSONAL NAME | |
| Personal name | Carey, G. V. |
| 9 (RLIN) | 49439 |
| 245 13 - TITLE STATEMENT | |
| Title | An outline history of the great war, |
| Statement of responsibility, etc. | compiled by G. V. Carey ... & H. S. Scott ... |
| 260 ## - PUBLICATION, DISTRIBUTION, ETC. | |
| Place of publication, distribution, etc. | Cambridge [Eng.] |
| Name of publisher, distributor, etc. | University Press |
| Date of publication, distribution, etc. | 1928. |
| 300 ## - PHYSICAL DESCRIPTION | |
| Extent | vi, 279 p. |
| Other physical details | ill. (maps) plates |
| Dimensions | 20 cm. |
| 526 ## - STUDY PROGRAM INFORMATION NOTE | |
| Program name | 0 |
| Interest level | 0 |
| Reading level | 0 |
| Title point value | 940_400000000000000_ANO |
| 650 #0 - SUBJECT ADDED ENTRY--TOPICAL TERM | |
| Topical term or geographic name entry element | MCE |
| 9 (RLIN) | 379 |
| 650 #0 - SUBJECT ADDED ENTRY--TOPICAL TERM | |
| Topical term or geographic name entry element | World War, 1914-1918. |
| 9 (RLIN) | 28173 |
| 700 1# - ADDED ENTRY--PERSONAL NAME | |
| Personal name | Scott, Hugh Sumner, |
| 9 (RLIN) | 49440 |
| 942 ## - ADDED ENTRY ELEMENTS (KOHA) | |
| Source of classification or shelving scheme | |
| Koha item type | Book |
| Withdrawn status | Lost status | Source of classification or shelving scheme | Damaged status | Not for loan | Permanent Location | Current Location | Shelving location | Date acquired | Total Checkouts | Full call number | Barcode | Date last seen | Price effective from | Koha item type |
|---|---|---|---|---|---|---|---|---|---|---|---|---|---|---|
| Military College of Engineering (MCE) | Military College of Engineering (MCE) | 01/12/2015 | 940.4 ANO | MCE-ECO/37 | 01/12/2015 | 01/12/2015 | Book |
